000
00287nam a2200133Ia 4500
100
_a
Richharia/M
942
_c
BK
654
_a
mobile
245
_a
Mobile Satellite communications
260
_b
Pearson Education
_c
2001
082
_a
621.382
_b
RIC
300
_a
560
546
_a
ENGLISH
999
_c
28415
_d
28415